| 000 | 01051cam a2200325 i 4500 | ||
|---|---|---|---|
| 003 | EG-GICUC | ||
| 005 | 20260215091326.0 | ||
| 008 | 060419s2006 mnu frb 001 0 eng d | ||
| 020 | _a0314163166 | ||
| 020 | _a9780314163165 | ||
| 040 |
_aWUL _cWUL _dWUL _dBAKER _dILI _dDLC _dEG-GICUC _beng _erda |
||
| 050 | 0 | 0 |
_aKZ3410 _b.M873 2006 |
| 082 | 0 | 4 |
_221 _a341 |
| 092 | 0 | 4 | _221 |
| 099 | _aLaw 11 2006 | ||
| 100 | 1 | _aMurphy, Sean D. | |
| 245 | 1 | 0 |
_aPrinciples of international law / _cby Sean D. Murphy. |
| 264 |
_aSt. Paul, MN : _bThomson/West, _c2006. |
||
| 300 |
_axxiii, 506 pages ; _c24 cm. |
||
| 336 |
_atext _2rdacontent |
||
| 337 |
_aComputer _2rdamedia |
||
| 338 |
_aOnline Resource _2rdacarrier |
||
| 440 | 0 | _aConcise hornbook series | |
| 504 | _aIncludes bibliographical references and index. | ||
| 650 | 0 | _aInternational law. | |
| 856 | 4 | 1 | _uhttps://fll.law.cu.edu.eg/fulltext/bks/ENGB11-00135.pdf |
| 856 | 4 | 1 |
_3Table of contents only _uhttp://www.loc.gov/catdir/toc/fy0614/2006274144.html |
| 905 | _a10 | ||
| 942 |
_2ddc _cBK _e21 _n0 |
||
| 999 |
_c63068 _d63068 |
||